| 000 | 00726nam a2200205Ia 4500 | ||
|---|---|---|---|
| 003 | GCL | ||
| 008 | 140319s9999 xx 000 0 eng d | ||
| 020 | _a0029153808 | ||
| 040 |
_aGCL / _cGCL |
||
| 082 | 0 | 4 |
_a362.2086942 _bI M |
| 100 | 1 | _aISAAC, RAEL JEAN | |
| 245 | 1 | 0 |
_aMADNESS IN THE STREETS : _bHOW PSYCHIATRY AND THE LAW ABANDONED THE MENTALLY ILL / _cISAAC, RAEL JEAN |
| 700 | 1 | _aARMAT, VIRGINIA C. | |
| 260 |
_aنيويورك : _bTHE FREE PRESS ، _c1990 |
||
| 300 |
_a24 CM ؛ _cIX,436 P |
||
| 650 | 0 | 4 | _aMENTALLY ILL - DEINSTITUTIONALIZATION - UNITED STATES |
| 650 | 0 | 4 | _aEXMENTAL PATIENTS - MENTAL HEALTH SERVICES - UNITED STATES |
| 650 | 0 | 4 | _aCOMMUNITY MENTAL HEALTH SERVICES - UNITED STATES |
| 942 |
_2ddc _cBK |
||
| 999 |
_c8849 _d8849 |
||